| 000 | 00498nam a2200181 a 4500 | ||
|---|---|---|---|
| 001 | 5173 | ||
| 003 | CDMR | ||
| 005 | 20131210120943.0 | ||
| 008 | 130130s1970||||||||||||||||||||||||||||d | ||
| 040 |
_aCDMR _bcat _cCDMR |
||
| 245 | 0 | 3 |
_aLo verosímil _cRonald Barthes... [et al.] |
| 260 |
_aBuenos Aires _c1970 _bTiempo Contemporáneo |
||
| 300 | _a178 p. | ||
| 490 | 0 |
_aBiblioteca Ciencias Sociales. _aComunicaciones |
|
| 650 | 0 | 4 |
_91282 _aSemiòtica |
| 700 | 1 |
_9877 _aBarthes, Roland |
|
| 942 |
_cMON _2udc |
||
| 999 |
_c5173 _d5173 |
||